| 000 | 00453nam a2200157Ia 4500 | ||
|---|---|---|---|
| 008 | 210716s1987 xx 000 0 und d | ||
| 020 | _a031428494X | ||
| 041 | _aeng | ||
| 082 | _a658.4038 HICJ | ||
| 100 | _aHicks, James O. | ||
| 245 |
_aManagement information systems: a user perspective. _bUser perspective. |
||
| 250 | _a2 | ||
| 260 |
_aNew York _bWest publishing company _c1987 |
||
| 300 | _axxvii,623 | ||
| 650 | _aManagement Information Systems | ||
| 999 |
_c198834 _d198834 |
||